[Event "World Blitz 2015"]
[Site "Berlin GER"]
[Date "2015.10.14"]
[Round "15.34"]
[White "Volokitin, And"]
[Black "Bogdanovich, S"]
[Result "0-1"]
[WhiteElo "2639"]
[BlackElo "2590"]
[EventDate "2015.10.13"]
[WhiteTitle "GM"]
[BlackTitle "IM"]
[WhiteFideId "14107090"]
[BlackFideId "14115298"]

1.e4 e5 2.Nf3 Nc6 3.Bc4 Bc5 4.c3 Nf6 5.d3 a6 6.Nbd2 d6 7.O-O Ba7 8.Bb3 O-O
9.h3 Ne7 10.Re1 Ng6 11.Nf1 Nh5 12.Ne3 Nhf4 13.Nf5 Qf6 14.d4 Bxf5 15.exf5 
Qxf5 16.Bc2 Qf6 17.Be3 exd4 18.Nxd4 Nd5 19.Qd3 Nxe3 20.Rxe3 Bxd4 21.cxd4 
Rae8 22.Rae1 Rxe3 23.Rxe3 c5 24.dxc5 dxc5 25.Qc3 Qd6 26.Rd3 Qe7 27.Re3 Qd6
28.Rd3 Qc7 29.g3 Re8 30.Rd5 b6 31.Qd3 Qc6 32.h4 Nf8 33.Kh2 Re1 34.Qf3 Re6 
35.Be4 Rf6 36.Qe3 Qe6 37.Rd8 g6 38.Qh6 Qe7 39.Rc8 Rxf2+ 40.Kg1 Rd2 41.Qxd2
Qxe4 42.Qd6 Qb1+ 43.Kh2 Qxb2+ 44.Kh3 Qg7 45.Qxb6 Qd4 46.Qd8 Qg7 47.Rxc5 
Qa1 48.Rc8 Qh1+ 49.Kg4 Qe4+ 50.Kh3 Qh1+ 51.Kg4 Qe4+ 52.Kh3 Qh1+ 53.Kg4 
Qe4+ 54.Kh3 Qb4 55.Ra8 h5 56.Qb8 Qe7 57.Rxa6 Qd7+ 58.Kh2 Qd2+ 59.Kh3 Qd7+ 
60.Kh2 Qd2+ 61.Kh3 Qd1 62.Qb7 Qf1+ 63.Kh2 Qe2+ 64.Kh3 Ne6 65.Ra7 Qf1+ 66.
Qg2 Qd3 67.Qf2 Nd8 68.Kh2 Kg7 69.Re7 Qd5 70.a4 Nc6 71.Rc7 Ne5 72.Qb2 Kh7 
73.Rc8 Nf3+ 74.Kg2 Nxh4+ 75.Kg1 Nf3+ 76.Kf2 Ne5 77.Qb8 Qf3+ 78.Ke1 Qxg3+ 
79.Kd1 Kh6 80.a5 Qd3+ 81.Kc1 Qa3+ 82.Kd1 Qxa5 83.Rh8+ Kg5 84.Re8 0-1

[Event "World Blitz 2015"]
[Site "Berlin GER"]
[Date "2015.10.14"]
[Round "15.41"]
[White "Zhang Zhong"]
[Black "Postny, E"]
[Result "0-1"]
[WhiteElo "2619"]
[BlackElo "2658"]
[EventDate "2015.10.13"]
[WhiteTitle "GM"]
[BlackTitle "GM"]
[WhiteFideId "8600694"]
[BlackFideId "2804344"]

1.e4 e5 2.Nf3 Nc6 3.Bc4 Nf6 4.d3 Be7 5.Bb3 O-O 6.O-O d6 7.c3 Na5 8.Bc2 c5 
9.Re1 Nc6 10.Nbd2 Kh8 11.Nf1 h6 12.Ng3 Be6 13.h3 Rc8 14.Nh2 Nh7 15.f4 exf4
16.Bxf4 Bg5 17.Qd2 d5 18.Nf3 Bxf4 19.Qxf4 Qf6 20.Qxf6 Nxf6 21.e5 Nd7 22.
Ba4 Nb6 23.Bxc6 Rxc6 24.Ne2 Re8 25.Nf4 Na4 26.Rec1 Nxb2 27.Rab1 Rb6 28.g4 
g5 29.Nxe6 Rexe6 30.d4 Na4 31.Rb3 Kg7 32.Kf2 c4 33.Ra3 Nb2 34.Ne1 Ra6 35.
Rxa6 Rxa6 36.Rc2 Rxa2 37.Ke2 Na4 38.Kd2 Rxc2+ 39.Nxc2 Nb6 40.Ne3 Kg6 41.
Nf5 Nc8 42.Nd6 Nxd6 0-1

[Event "World Blitz 2015"]
[Site "Berlin GER"]
[Date "2015.10.14"]
[Round "17.23"]
[White "Kravtsiv, M"]
[Black "Bruzon Batista, L"]
[Result "1-0"]
[WhiteElo "2621"]
[BlackElo "2659"]
[EventDate "2015.10.13"]
[WhiteTitle "GM"]
[BlackTitle "GM"]
[WhiteFideId "14113147"]
[BlackFideId "3503739"]

1.e4 e5 2.Nf3 Nc6 3.Bc4 Bc5 4.c3 Nf6 5.d4 exd4 6.e5 d5 7.Bb5 Ne4 8.cxd4 
Bb6 9.Be3 O-O 10.Nc3 Bg4 11.h3 Bh5 12.Qc2 Bxf3 13.gxf3 Ng5 14.O-O-O Ne6 
15.Ne2 Ne7 16.Kb1 f5 17.exf6 Rxf6 18.Bd3 h6 19.Rhg1 Kh8 20.Rg4 Qf8 21.Ng3 
Qf7 22.Qe2 c6 23.Bc2 Re8 24.Qd3 Nf8 25.Rg1 Bc7 26.Rh4 Bxg3 27.Rxg3 Nf5 28.
Rgg4 Nxh4 29.Rxh4 Rxf3 30.a3 Qf6 31.Rh5 Rfxe3 32.fxe3 Qf2 33.Rf5 Qg1+ 34.
Rf1 Qxe3 35.Rxf8+ 1-0

[Event "World Blitz 2015"]
[Site "Berlin GER"]
[Date "2015.10.14"]
[Round "17.40"]
[White "Bok, B"]
[Black "Postny, E"]
[Result "0-1"]
[WhiteElo "2591"]
[BlackElo "2658"]
[EventDate "2015.10.13"]
[WhiteTitle "GM"]
[BlackTitle "GM"]
[WhiteFideId "1017063"]
[BlackFideId "2804344"]

1.e4 e5 2.Nf3 Nc6 3.Bc4 Nf6 4.d3 Be7 5.O-O O-O 6.Re1 d6 7.c3 Na5 8.Bb5 a6 
9.Ba4 b5 10.Bc2 c5 11.Nbd2 Nc6 12.Nf1 Qc7 13.Ng3 Re8 14.h3 g6 15.Bg5 Nd7 
16.Bh6 Bf8 17.Qd2 Nb6 18.a4 Be6 19.Bxf8 Rxf8 20.Ng5 Bd7 21.axb5 axb5 22.
Rxa8 Rxa8 23.f4 f6 24.Nf3 Kg7 25.Rf1 Qd8 26.f5 b4 27.Nh2 bxc3 28.bxc3 Qe8 
29.Ng4 g5 30.Bd1 Qf7 31.Nxf6 Kxf6 32.Nh5+ Ke7 33.Qxg5+ Kf8 34.Qh6+ Ke8 35.
Qxd6 Kd8 36.Qxc5 Kc7 37.d4 Ra5 38.Bb3 Qxb3 39.Qf8 Qxc3 40.d5 Nd4 41.Nf6 
Ne2+ 42.Kh2 Qg3+ 43.Kh1 Nf4 44.d6+ Kb7 45.Rxf4 Ra1+ 0-1

[Event "World Blitz 2015"]
[Site "Berlin GER"]
[Date "2015.10.14"]
[Round "17.61"]
[White "Van Foreest, Jorden"]
[Black "Bindrich, F"]
[Result "0-1"]
[WhiteElo "2548"]
[BlackElo "2594"]
[EventDate "2015.10.13"]
[WhiteTitle "IM"]
[BlackTitle "GM"]
[WhiteFideId "1039784"]
[BlackFideId "4676670"]

1.e4 e5 2.Nf3 Nc6 3.Bc4 Bc5 4.c3 Nf6 5.d4 exd4 6.cxd4 Bb4+ 7.Nbd2 d5 8.
exd5 Nxd5 9.O-O O-O 10.a3 Bxd2 11.Qxd2 Nce7 12.b3 c6 13.a4 Bg4 14.Ne5 Be6 
15.Ba3 f6 16.Nd3 Re8 17.Nc5 Bc8 18.Rfe1 Kh8 19.Rac1 b6 20.Ne4 Nf5 21.Bf1 
Bd7 22.g3 Nc7 23.Bg2 Ne6 24.d5 Ned4 25.g4 Nxb3 26.Qd1 Nxc1 27.gxf5 Bxf5 
28.Nd6 Rxe1+ 29.Qxe1 Bg6 30.Qxc1 c5 31.Nc4 Qd7 32.Ne3 Qxa4 33.Bb2 Rd8 34.
h3 Be4 35.Qd2 Bxg2 36.Kxg2 Qe4+ 37.Kg1 c4 38.Qb4 Qg6+ 39.Kh2 Qe4 40.Kg1 h6
41.d6 Qc6 42.Nxc4 b5 43.Qa5 Rd7 44.Ne3 Rxd6 45.Qxa7 Rd8 46.Qe7 Re8 47.Qb4 
Qd7 48.Qf4 Qxh3 49.Bxf6 Qh5 50.Bc3 Qg6+ 51.Kh2 Kh7 52.Ng4 Re4 53.Nf6+ gxf6
54.Qc7+ Qg7 0-1

[Event "World Blitz 2015"]
[Site "Berlin GER"]
[Date "2015.10.14"]
[Round "18.64"]
[White "Volokitin, And"]
[Black "Mikhalevski, V"]
[Result "1/2-1/2"]
[WhiteElo "2639"]
[BlackElo "2536"]
[EventDate "2015.10.13"]
[WhiteTitle "GM"]
[BlackTitle "GM"]
[WhiteFideId "14107090"]
[BlackFideId "2801914"]

1.e4 e5 2.Nf3 Nc6 3.Bc4 Bc5 4.c3 Nf6 5.d3 a6 6.Nbd2 d6 7.O-O Ba7 8.Bb3 Ne7
9.d4 Ng6 10.Nc4 Nxe4 11.dxe5 d5 12.Nd6+ Nxd6 13.exd6 c6 14.Re1+ Be6 15.c4 
Qxd6 16.cxd5 cxd5 17.Qxd5 Qxd5 18.Bxd5 O-O-O 19.Bxe6+ fxe6 20.Be3 Bxe3 21.
Rxe3 Rhe8 22.g3 Rd5 23.Rae1 Kd7 24.h4 h6 25.Rc3 Rf8 26.Rec1 Rf7 27.Rc7+ 
Ke8 28.Rxf7 Kxf7 29.Rc7+ Kf6 30.Rxb7 Ne5 31.Nxe5 Rxe5 32.a4 Rd5 33.b4 Rd4 
34.a5 g5 35.hxg5+ hxg5 36.Kf1 Re4 37.f3 Re3 38.Kf2 Rb3 39.g4 Ke5 40.Rb8 
Kf4 41.Rf8+ Ke5 42.Rb8 Kf4 43.Rf8+ Ke5 44.Ra8 Kf4 45.Rxa6 Rb2+ 46.Ke1 Rxb4
47.Rxe6 Kxf3 48.a6 Rb1+ 49.Kd2 Ra1 50.Kc3 Kxg4 51.Kb2 Ra5 52.Kb3 Kf3 53.
Kb4 Ra1 54.Rc6 Rb1+ 55.Ka4 Ra1+ 56.Kb4 Rb1+ 57.Kc5 Ra1 58.Kb6 g4 59.a7 g3 
60.Rf6+ Ke3 61.Rg6 Kf2 62.Rf6+ Kg1 63.Rf5 Rxa7 64.Kxa7 g2 65.Kb6 Kh2 66.
Rg5 g1=Q+ 67.Rxg1 Kxg1 1/2-1/2

[Event "World Blitz 2015"]
[Site "Berlin GER"]
[Date "2015.10.14"]
[Round "18.71"]
[White "Godena, M"]
[Black "Kulon, K"]
[Result "1-0"]
[WhiteElo "2513"]
[BlackElo "2324"]
[EventDate "2015.10.13"]
[WhiteTitle "GM"]
[BlackTitle "WGM"]
[WhiteFideId "800090"]
[BlackFideId "1131044"]

1.e4 e5 2.Nf3 Nc6 3.Bc4 Nf6 4.Ng5 d5 5.exd5 Na5 6.Bb5+ c6 7.dxc6 bxc6 8.
Bd3 h6 9.Ne4 Nd5 10.Be2 f5 11.Bh5+ Ke7 12.Ng3 Kf6 13.d4 Qe7 14.O-O e4 15.
Nd2 g6 16.c4 Nc7 17.Be2 Kg7 18.b3 Kh7 19.Bb2 Bg7 20.Re1 Rd8 21.Qc2 Ne6 22.
d5 Nd4 23.Bxd4 Bxd4 24.Rad1 cxd5 25.cxd5 Bb7 26.Nc4 Qc5 27.Rxd4 Qxd4 28.
Nxa5 Bxd5 29.Nc6 Bxc6 30.Qxc6 Qg7 31.Bf1 Rac8 32.Qa6 Rc2 33.Ne2 g5 34.Ng3 
Qd4 35.Be2 e3 36.fxe3 Qxe3+ 37.Kh1 f4 38.Nf5 Qxe2 39.Qxh6+ Kg8 40.Qg7# 1-0

[Event "World Blitz 2015"]
[Site "Berlin GER"]
[Date "2015.10.14"]
[Round "19.91"]
[White "Bruedigam, M"]
[Black "Berend, E"]
[Result "1/2-1/2"]
[WhiteElo "2375"]
[BlackElo "2370"]
[EventDate "2015.10.13"]
[WhiteTitle "FM"]
[BlackTitle "WGM"]
[WhiteFideId "24608033"]
[BlackFideId "4000510"]

1.e4 e5 2.Nf3 Nc6 3.Bc4 Bc5 4.b4 Bxb4 5.c3 Ba5 6.d4 d6 7.Qb3 Qd7 8.dxe5 
Bb6 9.Nbd2 Na5 10.Qc2 Nxc4 11.Nxc4 dxe5 12.Ncxe5 Qe6 13.O-O Ne7 14.a4 a5 
15.Nd3 O-O 16.Nf4 Qc6 17.Ba3 Re8 18.Ne5 Qh6 19.g3 Nc6 20.Nxc6 bxc6 21.Rad1
Bg4 22.Rd2 Rad8 23.c4 Bd4 24.Bb2 c5 25.Bxd4 Rxd4 26.f3 Bd7 27.Rfd1 Rxd2 
28.Qxd2 Bxa4 29.Ra1 Bb3 30.Rxa5 Bxc4 31.Qc3 Qb6 32.Kg2 g6 33.h4 h5 34.Ra1 
Be6 35.Rc1 c4 36.Nxe6 Rxe6 37.Qxc4 c6 38.Rd1 Qb2+ 39.Kh3 Qf6 40.Rd3 Re8 
41.Qd4 Qe6+ 42.Kg2 Ra8 43.Rd2 Re8 44.Rb2 Ra8 45.Qc3 Rc8 46.Qc5 Qf6 47.Rd2 
Qa1 1/2-1/2

[Event "World Blitz 2015"]
[Site "Berlin GER"]
[Date "2015.10.14"]
[Round "20.25"]
[White "Kravtsiv, M"]
[Black "Harikrishna, P"]
[Result "1/2-1/2"]
[WhiteElo "2621"]
[BlackElo "2737"]
[EventDate "2015.10.13"]
[WhiteTitle "GM"]
[BlackTitle "GM"]
[WhiteFideId "14113147"]
[BlackFideId "5007003"]

1.e4 e5 2.Nf3 Nc6 3.Bc4 Bc5 4.c3 Nf6 5.d4 exd4 6.e5 d5 7.Bb5 Ne4 8.cxd4 
Bb6 9.Be3 O-O 10.Nc3 Ne7 11.Bd3 Bf5 12.O-O Qd7 13.Nh4 Nxc3 14.bxc3 Bxd3 
15.Qxd3 f5 16.Bg5 Nc6 17.g3 Rae8 18.Ng2 Na5 19.Kh1 Nc4 20.Ne3 Qe6 21.Bf4 
h6 22.Nxc4 dxc4 23.Qf3 c6 24.Rab1 Re7 25.Bc1 Rd7 26.Ba3 Rfd8 27.Bd6 Bc7 
28.Rxb7 Bxd6 29.Rxd7 Qxd7 30.exd6 Qxd6 31.Qxf5 Rf8 32.Qg4 Qd5+ 33.Kg1 Rf3 
34.Rc1 Kh7 35.h4 h5 36.Qh3 Qe4 37.Qf1 Rd3 38.a4 a5 39.Qg2 Qxg2+ 40.Kxg2 
Kg8 41.Kf1 Kf7 42.Re1 Rxc3 43.Re5 g6 44.Rxa5 Ra3 45.Ke2 Ke6 46.Kd2 Kd6 47.
Rg5 Ra2+ 48.Kc3 Rxf2 49.Rxg6+ Kc7 50.Rg5 Ra2 51.a5 Kd6 52.Kxc4 Ra3 53.Kb4 
Rd3 54.Kc4 Ra3 55.Kb4 Rd3 56.a6 Rxd4+ 57.Ka5 Rd1 58.Rxh5 c5 59.a7 Ra1+ 60.
Kb6 Rb1+ 61.Ka6 Ra1+ 62.Kb7 Rb1+ 63.Kc8 Ra1 64.Rh7 c4 65.Rd7+ Kc6 66.Rc7+ 
Kb6 67.Kb8 c3 68.Rxc3 1/2-1/2

[Event "World Blitz 2015"]
[Site "Berlin GER"]
[Date "2015.10.14"]
[Round "21.94"]
[White "Cordeiro, M"]
[Black "Bruedigam, M"]
[Result "1-0"]
[WhiteElo "2228"]
[BlackElo "2375"]
[EventDate "2015.10.13"]
[BlackTitle "FM"]
[WhiteFideId "2117991"]
[BlackFideId "24608033"]

1.e4 e5 2.Nf3 Nc6 3.Bc4 Bc5 4.O-O d6 5.c3 Nf6 6.d4 Bb6 7.dxe5 Nxe5 8.Nxe5 
dxe5 9.Qxd8+ Kxd8 10.Nd2 Ke7 11.h3 Be6 12.Bxe6 Kxe6 13.Nc4 Nxe4 14.Nxb6 
axb6 15.Re1 Nd6 16.f4 e4 17.Be3 f5 18.b3 g6 19.a4 Rhd8 20.Rad1 b5 21.axb5 
Nxb5 22.c4 Nd6 23.Ra1 b6 24.Kf2 Nb7 25.Ke2 Na5 26.Ra3 Nc6 27.Rea1 Rxa3 28.
Rxa3 h5 29.Bd2 Rd3 30.Ra8 Nd4+ 31.Ke1 Nxb3 32.Bb4 c5 33.Ba3 Rd6 34.Re8+ 
Kf7 35.Rb8 Nd4 36.Bb2 h4 37.Kf2 Re6 38.Ke3 Nc2+ 1-0

[Event "19th Hoogeveen Open 2015"]
[Site "Hoogeveen NED"]
[Date "2015.10.19"]
[Round "4.5"]
[White "Ankit, R"]
[Black "Ernst, S"]
[Result "1/2-1/2"]
[WhiteElo "2467"]
[BlackElo "2527"]
[EventDate "2015.10.17"]
[WhiteTitle "GM"]
[BlackTitle "GM"]
[WhiteFideId "5023335"]
[BlackFideId "1004689"]

1.e4 e5 2.Nf3 Nc6 3.Bc4 Bc5 4.d3 Nf6 5.Nbd2 O-O 6.O-O d6 7.c3 a6 8.Bb3 Ba7
9.Re1 Be6 10.h3 h6 11.Nf1 Ne7 12.Ng3 Ng6 13.d4 Re8 14.Bc2 c5 15.Be3 Qc7 
16.Qd2 b5 17.a4 Bb6 1/2-1/2

[Event "37th Arco Open 2015"]
[Site "Arco ITA"]
[Date "2015.10.10"]
[Round "1.55"]
[White "Sbalchiero, Lorenzo"]
[Black "Renzi, M"]
[Result "1-0"]
[WhiteElo "1599"]
[BlackElo "1940"]
[EventDate "2015.10.10"]
[WhiteFideId "840521"]
[BlackFideId "818585"]

1.e4 e5 2.Nf3 Nc6 3.Bc4 Nf6 4.Ng5 d5 5.exd5 Na5 6.Bb5+ Bd7 7.Qe2 Bxb5 8.
Qxb5+ c6 9.dxc6 Nxc6 10.Qxb7 Ne7 11.Nc3 h6 12.Nf3 Ng6 13.Qc6+ Nd7 14.Nb5 
Rc8 15.Nd6+ Bxd6 16.Qxd6 Rxc2 17.O-O Qe7 18.Qxe7+ Kxe7 19.Re1 Rhc8 20.d4 
f6 21.dxe5 fxe5 22.b3 Kf6 23.Be3 a5 24.Rec1 Ne7 25.Rd1 Ke6 26.Nd2 Nd5 27.
Nc4 a4 28.Kf1 Rc6 29.Rdc1 Nb4 30.Rxc2 Nxc2 31.Rd1 Nf6 32.Rd2 Na1 33.Na5 
Rc1+ 34.Ke2 Rb1 35.bxa4 Rb4 36.Nb3 Nxb3 37.axb3 Rxb3 38.Ra2 Nd5 39.Bd2 Kd7
40.a5 Rb8 41.a6 Ra8 42.Kd3 Nc7 43.a7 Ke6 44.Ke4 Nb5 45.Ra6+ Nd6+ 46.Kd3 
Kd5 47.f3 e4+ 48.fxe4+ Nxe4 49.Ra5+ Nc5+ 50.Kc3 Kc6 51.Be3 Ne4+ 52.Kc4 
Nd6+ 53.Kb4 Kb7 54.Bf4 Nc8 55.Be3 Nd6 56.Bd4 g6 57.Bc5 Nc8 58.Kc4 h5 59.
Kd5 Nb6+ 60.Bxb6 Kxb6 61.Ra2 Kb7 62.Ke5 Re8+ 63.Kf6 Ka8 64.Kxg6 h4 65.Kg5 
Re4 66.g3 h3 67.Kf5 Rc4 68.g4 Rc1 69.Ra3 Rf1+ 70.Kg5 Rf2 71.Rxh3 Kxa7 72.
Rh7+ Kb6 73.h4 Kc6 74.Kg6 Kd6 75.Rf7 Rg2 76.g5 Ke6 77.Rf3 Rg4 78.h5 Ke7 
79.h6 1-0

[Event "37th Arco Open 2015"]
[Site "Arco ITA"]
[Date "2015.10.10"]
[Round "1.57"]
[White "Galliani, William"]
[Black "Cluyts, M"]
[Result "1/2-1/2"]
[WhiteElo "1553"]
[BlackElo "1937"]
[EventDate "2015.10.10"]
[WhiteFideId "882070"]
[BlackFideId "205257"]

1.e4 e5 2.Nf3 Nc6 3.Bc4 Nf6 4.d4 exd4 5.O-O Nxe4 6.Re1 d5 7.Bxd5 Qxd5 8.
Nc3 Qh5 9.Nxe4 Be6 10.Neg5 O-O-O 11.Nxe6 fxe6 12.Rxe6 Bd6 13.Qe2 Rhf8 14.
h3 Rde8 15.Bd2 Ne5 16.Nxd4 Qxe2 17.Rxe8+ Rxe8 18.Nxe2 Nc4 19.Be3 Nxe3 20.
fxe3 Rxe3 21.Kf1 Be5 22.c3 Rd3 23.Ke1 Kd7 24.Rd1 Rxd1+ 25.Kxd1 Ke6 26.Kd2 
Kd5 27.Kd3 b5 28.b3 c6 1/2-1/2

[Event "37th Arco Open 2015"]
[Site "Arco ITA"]
[Date "2015.10.12"]
[Round "3.19"]
[White "De Eccher, S"]
[Black "Cluyts, M"]
[Result "1-0"]
[WhiteElo "2228"]
[BlackElo "1937"]
[EventDate "2015.10.10"]
[WhiteTitle "FM"]
[WhiteFideId "800678"]
[BlackFideId "205257"]

1.e4 e5 2.Nf3 Nc6 3.Bc4 Nf6 4.d4 exd4 5.e5 Ne4 6.O-O Be7 7.Re1 d5 8.exd6 
Nxd6 9.Bd5 O-O 10.Nxd4 Nxd4 11.Qxd4 Bf5 12.Bb3 Bf6 13.Qd1 Ne4 14.c3 Nc5 
15.Qf3 Qd3 16.Be3 Nxb3 17.axb3 Rfe8 18.Na3 Qe4 19.Qxe4 Rxe4 20.Nb5 Re7 21.
Bf4 Rae8 22.Rxe7 Rxe7 23.h3 c6 24.Rxa7 Re1+ 25.Kh2 g5 26.Nd6 Be6 27.Bg3 h5
28.Ne8 Be7 29.Rxb7 h4 30.Bd6 Bxd6+ 31.Nxd6 Re2 32.f3 Rxb2 33.Ne4 Bd5 34.
Nxg5 Kg7 35.Ne4 Kg6 36.Rb4 f5 37.c4 fxe4 38.cxd5 exf3 39.dxc6 Rxg2+ 40.Kh1
Rc2 41.Rc4 1-0

[Event "37th Arco Open 2015"]
[Site "Arco ITA"]
[Date "2015.10.13"]
[Round "4.48"]
[White "Calcari, Manuel"]
[Black "Thonig, M"]
[Result "1-0"]
[WhiteElo "1769"]
[BlackElo "1635"]
[EventDate "2015.10.10"]
[WhiteFideId "865648"]
[BlackFideId "24607550"]

1.e4 Nc6 2.Nf3 e5 3.Bc4 d6 4.Nc3 Be6 5.Nd5 h6 6.d4 Nf6 7.Nxf6+ Qxf6 8.d5 
Na5 9.dxe6 Nxc4 10.exf7+ Qxf7 11.O-O O-O-O 12.b3 Nb6 13.a4 d5 14.Nxe5 Qe6 
15.Bb2 dxe4 16.Qg4 Qxg4 17.Nxg4 h5 18.Ne5 Rg8 19.a5 Nd5 20.a6 Kb8 21.Rfd1 
Bb4 22.axb7 Kxb7 23.Ra4 c5 24.Rda1 a5 25.Nc4 Nc3 26.Nxa5+ Kc7 27.Bxc3 Bxc3
28.Rf1 Rd2 29.Nc4 Rxc2 30.Ne3 Rd2 31.Rxe4 Bf6 32.g3 Rb8 33.Rc1 Bd4 34.Kf1 
Rxb3 35.Rf4 Bxe3 36.fxe3 Rxe3 37.Rxc5+ Kd6 38.Rxh5 Ra3 39.Rf2 Ra1+ 40.Kg2 
Rdd1 41.Rg5 Ra7 42.Rb2 Rc7 43.Rb6+ Kd7 44.Rxg7+ Kc8 45.Rxc7+ Kxc7 46.Rf6 
Rd2+ 47.Kh3 Kd7 48.g4 Ke7 49.g5 Rd6 50.Rf3 Rd8 51.Kg4 Rf8 52.Rxf8 Kxf8 53.
Kf5 Kg7 54.Ke6 Kg8 55.Kf6 Kf8 56.h3 Kg8 57.Kg6 Kh8 58.Kf7 1-0

[Event "37th Arco Open 2015"]
[Site "Arco ITA"]
[Date "2015.10.14"]
[Round "5.37"]
[White "Donadi, Luca"]
[Black "Cluyts, M"]
[Result "0-1"]
[WhiteElo "1796"]
[BlackElo "1937"]
[EventDate "2015.10.10"]
[WhiteFideId "835412"]
[BlackFideId "205257"]

1.e4 e5 2.Nf3 Nc6 3.Bc4 Nf6 4.d3 Bc5 5.h3 a6 6.c3 Ba7 7.Bb3 d6 8.Be3 Bxe3 
9.fxe3 d5 10.exd5 Nxd5 11.Bxd5 Qxd5 12.e4 Qd6 13.O-O O-O 14.Qe2 Be6 15.Ng5
Nd8 16.Nd2 f6 17.Ngf3 Qb6+ 18.Qf2 Qxb2 19.Qc5 Rf7 20.Rfb1 Qc2 0-1

[Event "37th Arco Open 2015"]
[Site "Arco ITA"]
[Date "2015.10.16"]
[Round "7.11"]
[White "Paleologu, V"]
[Black "Cluyts, M"]
[Result "1-0"]
[WhiteElo "2147"]
[BlackElo "1937"]
[EventDate "2015.10.10"]
[WhiteFideId "1305573"]
[BlackFideId "205257"]

1.e4 e5 2.Nf3 Nc6 3.Bc4 Nf6 4.Ng5 Bc5 5.d4 d5 6.Bxd5 Nxd5 7.dxc5 Nf6 8.
Qxd8+ Nxd8 9.Nc3 Ne6 10.Nxe6 Bxe6 11.f3 O-O-O 12.Bg5 Rd4 13.b3 c6 14.Ke2 
Ne8 15.Rad1 f6 16.Bc1 Rxd1 17.Rxd1 Nc7 18.Be3 Rd8 19.Rg1 Rd7 20.Nd1 Na6 
21.a3 Nc7 22.Nf2 Nb5 23.Ra1 Kd8 24.a4 Nc7 25.f4 Ne8 26.Nd3 exf4 27.Bxf4 g5
28.Bb8 a6 29.Rf1 Bg4+ 30.Ke3 Ke7 31.Bg3 Bh5 32.Be1 Bd1 33.Rf2 Ke6 34.Bc3 
Rf7 35.h3 Nc7 36.g4 h5 37.Rd2 hxg4 38.Rxd1 gxh3 39.Nf2 Rh7 40.Rd6+ Kf7 41.
Rd7+ Kg6 42.Rxh7 Kxh7 43.Nxh3 Kg6 44.Bd4 Ne6 45.c3 f5 46.exf5+ Kxf5 47.Nf2
Nf4 48.Kf3 Nd5 49.Ng4 1-0

[Event "37th Arco Open 2015"]
[Site "Arco ITA"]
[Date "2015.10.16"]
[Round "7.42"]
[White "Sbalchiero, Lorenzo"]
[Black "Ghidinelli, Giorgio"]
[Result "0-1"]
[WhiteElo "1599"]
[BlackElo "1832"]
[EventDate "2015.10.10"]
[WhiteFideId "840521"]
[BlackFideId "835803"]

1.e4 e5 2.Nf3 Nc6 3.Bc4 Be7 4.O-O Nf6 5.Nc3 O-O 6.d3 h6 7.a3 d6 8.h3 Be6 
9.Ba2 Bxa2 10.Rxa2 d5 11.exd5 Nxd5 12.Nxd5 Qxd5 13.c4 Qd7 14.b4 Bf6 15.Rd2
Rad8 16.Bb2 a6 17.Re1 Rfe8 18.Qa1 Qf5 19.Re3 b5 20.cxb5 axb5 21.Qc1 Qd7 
22.Qc5 Nd4 23.Bxd4 exd4 24.Rxe8+ Rxe8 25.Rc2 Ra8 26.Qxc7 Qxc7 27.Rxc7 Rxa3
28.Rb7 Rxd3 29.Rxb5 Rd1+ 30.Kh2 d3 31.Rd5 Bc3 32.b5 d2 33.b6 Rb1 34.Nxd2 
Rxb6 35.Ne4 Bb4 36.Rd8+ Kh7 37.Rd7 Re6 38.f3 f5 39.Nf2 Bd6+ 40.g3 Re2 41.
Rxd6 Rxf2+ 42.Kg1 Rxf3 43.Kg2 Ra3 44.h4 g6 45.Rd7+ Kg8 46.Rc7 Re3 47.Kf2 
Re4 48.Kf3 Kf8 49.Rb7 Re7 50.Rb6 Kf7 51.g4 fxg4+ 52.Kxg4 Re6 53.Rb7+ Kf6 
54.Kf4 Ra6 55.Rb4 h5 56.Rb5 Ra4+ 57.Kg3 Rg4+ 58.Kh3 Ke6 59.Ra5 Rd4 60.Kg3 
Rd5 61.Ra8 Ke5 62.Re8+ Kf5 63.Rf8+ Ke6 64.Re8+ Kf7 65.Re3 Kf6 66.Re8 Rd3+ 
67.Kf4 Rd4+ 68.Kg3 Rg4+ 69.Kh3 Kf5 70.Rf8+ Ke4 71.Rf6 Ke5 72.Rf8 Ra4 73.
Rf3 Rf4 74.Re3+ Kf5 75.Re8 Rf3+ 76.Kg2 Kg4 77.Re4+ Rf4 78.Re6 Kf5 79.Re8 
Rxh4 80.Rf8+ Kg5 81.Ra8 Rb4 82.Ra5+ Kg4 83.Ra6 Rb2+ 84.Kf1 Kg5 85.Ra5+ Kh6
86.Ra4 Rb6 87.Kg2 g5 88.Kg3 Rb3+ 89.Kh2 h4 90.Rd4 Kh5 91.Rc4 g4 92.Rc5+ 
Kg6 93.Rc6+ Kf5 94.Rc5+ Kf4 95.Rh5 Rb2+ 96.Kh1 Kg3 97.Rf5 Rb1+ 98.Rf1 
Rxf1# 0-1

[Event "37th Arco Open 2015"]
[Site "Arco ITA"]
[Date "2015.10.17"]
[Round "8.5"]
[White "Guido, F"]
[Black "Gallucci, A"]
[Result "1-0"]
[WhiteElo "2367"]
[BlackElo "2133"]
[EventDate "2015.10.10"]
[WhiteTitle "IM"]
[WhiteFideId "800538"]
[BlackFideId "822990"]

1.e4 e5 2.Nf3 Nc6 3.Bc4 Bc5 4.c3 Nf6 5.d3 O-O 6.Bb3 d5 7.Qe2 a5 8.a4 Be6 
9.Bc2 d4 10.Nbd2 Ra6 11.h3 Ba7 12.Ng5 Bc8 13.Bb3 h6 14.Ngf3 Nd7 15.Bc4 Rb6
16.Bb5 Ncb8 17.Nb3 Rg6 18.O-O Re8 19.Kh1 Bb6 20.cxd4 exd4 21.Nbxd4 c6 22.
Bc4 Ne5 23.Nxe5 Rxe5 24.Nf3 Rh5 25.Bf4 Qf6 26.Bxb8 Bg4 27.Bh2 Rxh3 28.e5 
Qf5 29.Qe4 Qh5 30.Qf4 Rxf3 31.Bxf7+ Kh8 32.Bxg6 Qxg6 33.gxf3 1-0

[Event "3rd Krk Golden Island Op"]
[Site "Malinska CRO"]
[Date "2015.10.18"]
[Round "2.10"]
[White "Chinguun, Sumiya"]
[Black "Dolic, Stipan"]
[Result "1-0"]
[WhiteElo "2067"]
[BlackElo "1731"]
[EventDate "2015.10.17"]
[WhiteFideId "4902572"]
[BlackFideId "14549824"]

1.e4 e5 2.Nf3 Nc6 3.Bc4 Bc5 4.c3 a6 5.d3 Nge7 6.Bb3 O-O 7.Nbd2 d6 8.Nf1 
Na5 9.Bc2 Nac6 10.Ng3 Ng6 11.O-O Bg4 12.h3 Bxf3 13.Qxf3 Nce7 14.Qg4 c6 15.
h4 Qc8 16.Nf5 Nxf5 17.exf5 d5 18.h5 d4 19.hxg6 hxg6 20.Re1 gxf5 21.Qg3 f4 
22.Qg5 Re8 23.Rxe5 f6 24.Bb3+ Kf8 25.Rxe8+ 1-0

[Event "3rd Krk Golden Island Op"]
[Site "Malinska CRO"]
[Date "2015.10.18"]
[Round "3.7"]
[White "Samblic, S"]
[Black "Berke, A"]
[Result "0-1"]
[WhiteElo "1932"]
[BlackElo "2141"]
[EventDate "2015.10.17"]
[BlackTitle "WIM"]
[WhiteFideId "14511835"]
[BlackFideId "14510359"]

1.e4 e5 2.Nf3 Nc6 3.Bc4 Bc5 4.Nc3 Nf6 5.d3 d6 6.h3 Be6 7.Bb5 a6 8.Bxc6+ 
bxc6 9.a3 Qd7 10.d4 exd4 11.Nxd4 d5 12.Be3 Bd6 13.Qf3 O-O 14.O-O Rae8 15.
exd5 cxd5 16.b4 c6 17.Rad1 a5 18.bxa5 c5 19.Ndb5 Be7 20.Bf4 Rc8 21.a4 d4 
22.Rfe1 Qd8 23.Ne4 Nxe4 24.Qxe4 Qxa5 25.Ra1 Bf6 26.Be5 Bxe5 27.Qxe5 Rfd8 
28.Nd6 Rb8 29.Ra3 Rxd6 30.Rg3 g6 31.h4 Qd8 32.h5 Rd5 33.Qe2 Rg5 34.hxg6 
hxg6 0-1

[Event "3rd Krk Golden Island Op"]
[Site "Malinska CRO"]
[Date "2015.10.18"]
[Round "3.12"]
[White "Maderner, Arnulf"]
[Black "Hrbek, Stepan"]
[Result "0-1"]
[WhiteElo "1750"]
[BlackElo "1711"]
[EventDate "2015.10.17"]
[WhiteFideId "1633970"]
[BlackFideId "393479"]

1.e4 e5 2.Nf3 Nc6 3.Bc4 Bc5 4.c3 Nf6 5.d4 exd4 6.e5 d5 7.exd6 Qxd6 8.O-O 
O-O 9.Bg5 Ne4 10.Bh4 dxc3 11.Nxc3 Nxc3 12.bxc3 Bf5 13.Bg3 Qxd1 14.Raxd1 
Bb6 15.Bd5 Bd7 16.Ng5 Bg4 17.Rd2 h6 18.Bf3 hxg5 19.Bxg4 f5 20.Bd1 f4 21.
Rd5 fxg3 22.hxg3 Rae8 23.Rxg5 Rf6 24.Bf3 Re5 25.Rg4 Rd6 26.c4 Rd2 27.Bd5+ 
Kf8 28.Rf4+ Ke8 29.Rf7 Nd4 30.Rxg7 Ne2+ 0-1

[Event "3rd Krk Golden Island Op"]
[Site "Malinska CRO"]
[Date "2015.10.19"]
[Round "4.2"]
[White "Berke, A"]
[Black "Banusz, T"]
[Result "0-1"]
[WhiteElo "2141"]
[BlackElo "2604"]
[EventDate "2015.10.17"]
[WhiteTitle "WIM"]
[BlackTitle "GM"]
[WhiteFideId "14510359"]
[BlackFideId "722413"]

1.e4 e5 2.Nf3 Nc6 3.Bc4 Bc5 4.c3 Nf6 5.d4 exd4 6.cxd4 Bb4+ 7.Bd2 Nxe4 8.
Bxb4 Nxb4 9.Bxf7+ Kxf7 10.Qb3+ Kf8 11.Qxb4+ Qe7 12.Qxe7+ Kxe7 13.Nc3 Nxc3 
14.bxc3 d6 15.Rb1 b6 16.O-O Be6 17.Rfe1 Kd7 18.a3 Rae8 19.Rbc1 Rhf8 20.Re3
Bg8 21.c4 c6 22.Rec3 Re2 23.d5 c5 24.R3c2 Rxc2 25.Rxc2 b5 26.Rb2 bxc4 27.
Rb7+ Kc8 28.Rxg7 Re8 29.Kf1 Bxd5 0-1